000
00317 a2200109 4500
001
ART_14607
005
20260410161912.0
008
260409a
245
1
0
_a
The economic reform in Hungary
100
1
_a
Balassa, Bela
773
0
_t
European economic review
_g
- Vol. 11, NÂș 3 (oct. 1978)
_w
REV13346
999
_c
26945
_d
26945